000 00736nam a2200253 i 4500
001 C2-0217583
003 PPAK
005 20180728110057.0
008 990630s1999 my |||| ||||| | may d
020 _a9789830775838 ; 9830775836
040 _aPPAK
_beng
_cPPAK
_erda
082 0 4 _a297.267
_2 23
090 0 0 _a297.267
_bJAZ
_dG
100 1 _aAl-Jazairi, Abu Bakr Jabi,
_eauthor
245 1 0 _aPenjelasan tentang haramnya muzik dan lagu
264 1 _aJohor Bahru, Johor :
_bJahabersa ,
_c1999
300 _a82 pages ;
_c21 cm
336 _2rdacontent
_atext
337 _2rdamedia
_aunmediated
338 _2rdacarrier
_avolume
650 1 0 _aIslam and art. ; Music - Islamic influences.
700 _eauthor
942 _ddc
_cB
999 _c160754
_d160754